"Grenzen der Sprache, Grenzen der Sprachwissenschaft": Breslauer Konferenz über ein grenzloses Thema

Titel: "Grenzen der Sprache, Grenzen der Sprachwissenschaft": Breslauer Konferenz über ein grenzloses Thema / Blanka Datinská, Markéta Valíčková
Verfasser: ;
In: Brünner Beiträge zur Germanistik und Nordistik, Band 31, Heft 2 (2017), Seite 189-190
alle Artikel anzeigen
Veröffentlicht: 2017
Format: Aufsatz
Sprache: Deutsch
Kein Bild verfügbar
X
alg: 43224544
001A    $04505:04-06-18 
001B    $01999:27-06-19 $t23:22:34.000 
001C    $04505:04-06-18 $t10:08:31.000 
001D    $04505:04-06-18 
001U    $0utf8 
001X    $00 
002@    $0Aou 
002C    $aText $btxt $2rdacontent 
002D    $aohne Hilfsmittel zu benutzen $bn $2rdamedia 
002E    $aBand $bnc $2rdacarrier 
003@    $0432245448 
007A    $0432245448 $aHEB 
010@    $ager 
010E    $erda 
011@    $a2017 
021A    $a"Grenzen der Sprache, Grenzen der Sprachwissenschaft": Breslauer Konferenz über ein grenzloses Thema $hBlanka Datinská, Markéta Valíčková 
028A    $BVerfasser $4aut $7 $8Datinská, Blanka [Tnu] $9432245359 
028C    $BVerfasser $4aut $7 $8Valíčková, Markéta [Tnu] $9432245375 
031A    $d31 $e2 $h189-190 $j2017 
039B    $aEnthalten in $8--Abvc--. Brünner Beiträge zur Germanistik und Nordistik. - Brno : Masarykova Univerzita, 1977-. - ISSN 1211-4979 $x201700000310002811 $9047483814 
045T    $a7,20 $a7,22 
045T    $aLING $qDE-30 $2FID 
045T    $aGER $qDE-30 $2FID 
045W    $801.01.01$jDeutsch [Tkv] $9133070158 
045W    $801.07.10$jPolnisch [Tkv] $9133118894 
045W    $803.13.03$jMediensprache [Tkv] $9133072231 
045W    $803.16.23$jSprachgrenze [Tkv] $9133123731 
045W    $803.21.07.009$jComputervermittelte Kommunikation [Tkv] $9133086704 
045W    $803.21.01.031$jMedien$vKommunikationsforschung [Tkv] $913311483X 
045W    $805.02$jKongresse/Workshops [Tkv] $9133070018 

lok: 43224544 64
101B    $011-06-18 $t11:45:27.000 
101C    $004-06-18 
101U    $0utf8 
144Z/01 $av @Linguistische Treffen in Wrocław <6, 2017>: Tagung "Grenzen der Sprache, Grenzen der Sprachwissenschaft" ; Wrocław ; 14.09.2017-16.09.2017 

exp: 43224544 64 1 #EPN
201B/01 $004-06-18 $t10:08:31.000 
201C/01 $004-06-18 
201U/01 $0utf8 
203@/01 $01022978977 
208@/01 $a04-06-18 $be 
209A/01 $a0 $f000 $x00 
209B/01 $a44 $x05 
247C/01 $8Frankfurt, Bibliographie Linguistischer Literatur $9129368261 

lok: 43224544 78

exp: 43224544 78 1 #EPN
201B/01 $027-06-19 $t09:34:13.000 
201C/01 $027-06-19 
201U/01 $0utf8 
203@/01 $01054367515 
208@/01 $a27-06-19 $be 
209A/01 $a/ $f000 $x00 
209A/01 $ab*p $x01 
220C/01 $aeja 
244Z/01 $#Generalgouvernement Polen $#Polska $#Rzeczpospolita Polska $#Polska Rzeczpospolita Ludowa $#Poland $#Pologne $#République Polonaise $#Generalne Gubernatorstwo w Polsce $#Polish People's Republic $#Polska Rzeczpospolita Polen $#PRL $#RP $#Polen Generalgouvernement $#Polska Generalgouvernement $#Besetzte Polnische Gebiete $#Besetztes Gebiet in Polen $#Okupowane Polskie Obszary $#Obszary Okupowane w Polsce $#Volksrepublik Polen $#Polska Rosyjska $#Republic Polen $#Respublika Pol'ša $#Pol'skaja Narodnaja Respublika $#République de Pologne $#Polen Links der Weichsel $#Polska po Lewej Stronie Wisły $#Lenkija $#Polija $#Gubernija Carstva Pol'skago $#Republik Polen $74046496-9 $8--Tg1--Polen $x01 $9085129801 
244Z/01 $#Schlesien $#Schlesien $#Herzogtum Schlesien $#Herzogtum Schlesien Schlesien $#Provinz Schlesien $#Śla̜sk $#Slezsko $#Silesia $74052678-1 $8--Tg1--Schlesien $x02 $9085146781 
247C/01 $82080>Marburg/Lahn, Herder-Institut, Forschungsbibliothek, Bibliographieportal $9336309341
LEADER 00000caa a2200000 c 4500
001 432245448
003 DE-603
005 20190627232234.0
007 tu
008 180604s2017 xx |||| | u00||u|ger c
035 |a (DE-599)HEB432245448 
040 |a DE-603  |b ger  |c DE-603  |d DE-603  |e rda 
041 |a ger 
084 |a 7,20  |a 7,22  |2 ssgn 
084 |a LING  |q DE-30  |2 fid 
084 |a GER  |q DE-30  |2 fid 
100 1 |a Datinská, Blanka  |e Verfasser  |4 aut  |0 (DE-603)432245359 
245 0 0 |a "Grenzen der Sprache, Grenzen der Sprachwissenschaft": Breslauer Konferenz über ein grenzloses Thema  |c Blanka Datinská, Markéta Valíčková 
264 0 |c 2017 
336 |a Text  |b txt  |2 rdacontent 
337 |a ohne Hilfsmittel zu benutzen  |b n  |2 rdamedia 
338 |a Band  |b nc  |2 rdacarrier 
700 1 |a Valíčková, Markéta  |e Verfasser  |4 aut  |0 (DE-603)432245375 
773 0 8 |i Enthalten in  |t Brünner Beiträge zur Germanistik und Nordistik  |d Brno : Masarykova Univerzita, 1977-  |h 25 cm  |x 1211-4979  |g Band 31, Heft 2 (2017), Seite 189-190  |w (DE-603)047483814  |w (DE-600)303173-1 
924 0 |9 603  |a (DE-603)1022978977  |b DE-603  |c HES  |d d 
924 0 |9 2080  |a (DE-603)1054367515  |b DE-2080  |c HES  |d d  |g /